000 00464nam a22001337a 4500
040 _cNUST
082 _a220 PRO
100 _aAbdul Rehman Faisal Ayesha Babar Mashhood Ahmad Khan
_9119600
110 _aSupervisor Kamran Aziz Bhatti Co-Supervisor Shahzad Amin Sheikh
_9119601
245 _aPR-SOF-2252-FPGA Implementation of CNN for Lung Cancer Diagnosis
260 _aISLAMABAD:
_bNUST COLLEGE OF EME,
_c2023.
650 _aDE-ELECT-41
_9119586
942 _2ddc
_cPR
999 _c607271
_d607271